000 00803nam a2200205Ia 4500
001 13153
003 GE_BSU
008 181216s||||||||xx |||||||||||||| ||und||
040 _cGE_BSU
080 _a631.41(076)
245 _aФизико-химические методы исследования почв:адсорбционыые изотопные методы
245 _cРед.колл.И.Н.Антипов-Коротаев. В.И.Баранов. Ю.А.Поляков
260 _aМосква
260 _bНаука
260 _c1966
300 _a200стр.илл.27см.
300 _cБиблиогр.с.197-199
653 _aФизико-химические методы исследования почв:адсорбционыые изотопные методы
942 _cBK
999 _c46317
_d46317